000 00300nam a22001337a 4500
008 180919b xxu||||| |||| 00| 0 eng d
020 _a9780470091715
041 _aeng
080 _a336
100 _a56
101 _aFIN
245 _aQuantitave Financial Economics
_cStocks,B
942 _2udc
_cBK
999 _c48003
_d48003